00701nam a2200181 a 450000100100000000500170001000800410002704000250006808200080009310000240010124501250012526000460025030000210029670000280031770000490034595201080039499900170050200004017820201002033950.0130813s1968 sp 000 0 spa d aDO-SdBNPbspacBNPHU axxx1 aMarx, Carlos93599210aSobre arte y literatura /cCarlos Marx, Federico Engels ; introduccion, selección y notas Valeriano Bozal Fernández. aMadrid, España :bCiencia Nueva,c1968. a242 p. ;c18 cm.1 aEngels, Federico9634991 aBozal Fenández, Valeriano,eintrod.966452 001050718MOaGRbGRcCTd2013-08-13iLF1l0oxxx p40178-10r2020-06-25w2020-06-25y1ZNo se presta c39668d39668